01023 2200337 4500001002100000005001500021035002000036007000300056008004100059020002200100040002200122082001400144084001600158090002000174090002200194100004500216245008400261250001800345300005700363650003600420850001200456041000800468504003300476264003600509336002100545337003000566338002300596999002200619990002200641990002200663INLIS00000000084582620200627111621 a0010-0419000685ta190411s2014 yoia g 0 ind d a978-602-280-258-7 aYOPDYOGbinderda04223a381.1 a381.1 NAS s aDEP 381.1 NAS s aCB-D.11 2014-26771 aNasrullah Yusuf, McH.d1955-ePengarang00aStrategi membangun nilai jasa dan kepercayaan pelanggan /cH.M. Nasrullah Yusuf aEdisi 1, 2014 ax, 204 halaman :bilustrasi, gambar, grafik ;c20 cm 4aPemasaran--xManajemen Strategi aYOPDYOG aind aBibliografi halaman: 171-19031aYogyakarta :bDeepublish,c2014 2rdacontentateks 2rdamediaatanpa perantara 2rdacarrieravolume aCB-D.11/2014-2677 aCB-D.11/2014-2677 aCB-D.11/2014-2677